Деревянная грамота: [роман]

Bibliografiset tiedot
Päätekijä: Трускиновская Д. М. Далия Мееровна
Yhteenveto:Москва, XVII век. На торгу обнаруживается тело замерзшего мальчика и при нем — загадочная деревянная книжица, написанная тайными знаками. И снова царским конюхам предстоит распутать опасное дело, в котором подозревают государственную измену.
Kieli:venäjä
Julkaistu: СПб., Амфора, 2007
Sarja:Ретродетектив
Aiheet:
Aineistotyyppi: MixedMaterials Kirja
KOHA link:https://koha.lib.tpu.ru/cgi-bin/koha/opac-detail.pl?biblionumber=153680

MARC

LEADER 00000nam0a2200000 4500
001 153680
005 20231101221717.0
010 |a 9785367004441 
035 |a (RuTPU)RU\TPU\book\166720 
090 |a 153680 
100 |a 20090216d2007 m y0rusy50 ca 
101 0 |a rus 
102 |a RU 
105 |a y z 001ay 
200 1 |a Деревянная грамота  |e [роман]  |f Д. М. Трускиновская 
210 |a СПб.  |c Амфора  |d 2007 
215 |a 462 с. 
225 1 |a Ретродетектив 
320 |a Глоссарий: с. 456-462. 
330 |a Москва, XVII век. На торгу обнаруживается тело замерзшего мальчика и при нем — загадочная деревянная книжица, написанная тайными знаками. И снова царским конюхам предстоит распутать опасное дело, в котором подозревают государственную измену. 
610 1 |a исторические романы 
610 1 |a 17 век 
610 1 |a Россия 
610 1 |a Москва 
610 1 |a детективы 
675 |a Р2  |v 3 
700 1 |a Трускиновская  |b Д. М.  |c латвийская писательница и журналистка  |f 1951-  |g Далия Мееровна  |2 stltpush  |3 (RuTPU)RU\TPU\pers\38262  |9 20719 
801 1 |a RU  |b 63413507  |c 20090216  |g PSBO 
801 2 |a RU  |b 63413507  |c 20170410  |g PSBO 
942 |c BK